Английский язык для академических целей: учебное пособие

書誌詳細
団体著者: Национальный исследовательский Томский политехнический университет (ТПУ) Юргинский технологический институт (ЮТИ)
その他の著者: Морозова М. В. Марина Вячеславовна (составитель)
要約:Заглавие с титульного экрана
Электронная версия печатной публикации
Пособие состоит из введения и 6 частей, которые знакомят обучающихся с особенностями британской и американской образовательной среды, обеспечивают поэтапное усвоение лексических единиц английского языка, применяемых в сфере образования, а также готовят обучающихся к обсуждению научных исследований, подготовке научных статей и написанию профессиональной биографии. Предназначено для студентов и аспирантов, изучающих английский язык для общения в образовательной среде.
Режим доступа: из корпоративной сети ТПУ
言語:英語
出版事項: Томск, Изд-во ТПУ, 2019
主題:
オンライン・アクセス:https://www.lib.tpu.ru/fulltext2/m/2019/m049.pdf
フォーマット: 電子媒体 図書
KOHA link:https://koha.lib.tpu.ru/cgi-bin/koha/opac-detail.pl?biblionumber=343134

MARC

LEADER 00000nlm0a2200000 4500
001 343134
005 20231102005527.0
035 |a (RuTPU)RU\TPU\book\372898 
035 |a RU\TPU\book\212412 
090 |a 343134 
100 |a 20190624d2019 m y0rusy50 ca 
101 0 |a eng 
102 |a RU 
105 |a a j 001zy 
135 |a drgn ---uucaa 
181 0 |a i  
182 0 |a b 
200 1 |a Английский язык для академических целей  |b Электронный ресурс  |e учебное пособие  |d English for general academic purposes  |f Национальный исследовательский Томский политехнический университет (ТПУ), Юргинский технологический институт (ЮТИ) ; сост. М. В. Морозова 
203 |a Текст  |c электронный 
210 |a Томск  |c Изд-во ТПУ  |d 2019 
230 |a 1 компьютерный файл (pdf; 3.3 MB) 
300 |a Заглавие с титульного экрана 
300 |a Электронная версия печатной публикации 
330 |a Пособие состоит из введения и 6 частей, которые знакомят обучающихся с особенностями британской и американской образовательной среды, обеспечивают поэтапное усвоение лексических единиц английского языка, применяемых в сфере образования, а также готовят обучающихся к обсуждению научных исследований, подготовке научных статей и написанию профессиональной биографии. Предназначено для студентов и аспирантов, изучающих английский язык для общения в образовательной среде. 
333 |a Режим доступа: из корпоративной сети ТПУ 
510 1 |a English for general academic purposes  |z eng 
606 1 |a Английский язык  |x Учебные руководства и пособия  |x Учебные руководства и пособия для высшей школы  |2 stltpush  |3 (RuTPU)RU\TPU\subj\29071  |9 52483 
610 1 |a электронный ресурс 
610 1 |a труды учёных ТПУ 
610 1 |a учебные пособия 
610 1 |a английский язык 
610 1 |a лексика 
610 1 |a сфера образования 
610 1 |a биографии 
686 |a Ш143.21-923  |2 rubbk 
702 1 |a Морозова  |b М. В.  |c лингвист  |c доцент Юргинского технологического института (филиала) Томского политехнического университета  |f 1975-  |g Марина Вячеславовна  |2 stltpush  |3 (RuTPU)RU\TPU\pers\24525  |4 220  |9 10835 
712 0 2 |a Национальный исследовательский Томский политехнический университет (ТПУ)  |b Юргинский технологический институт (ЮТИ)  |c (2009- )  |h 349  |2 stltpush  |3 (RuTPU)RU\TPU\col\15903 
801 1 |a RU  |b 63413507  |c 20110421 
801 2 |a RU  |b 63413507  |c 20191206  |g RCR 
856 4 |u https://www.lib.tpu.ru/fulltext2/m/2019/m049.pdf 
942 |c CF